| 000 -LEADER |
| fixed length control field |
00584cam a2200157 a 4500 |
| 020 ## - INTERNATIONAL STANDARD BOOK NUMBER |
| ISBN |
996677839X |
| 040 ## - CATALOGING SOURCE |
| Transcribing agency |
DLC |
| 082 04 - DEWEY DECIMAL CLASSIFICATION NUMBER |
| Classification number |
551 FAO 2009 C101 Or. |
| 245 10 - TITLE STATEMENT |
| Title |
Climate change and economic development in sub-Saharan Africa : |
| Remainder of title |
AERC Senior Policy Seminar X, Addis Ababa, Ethiopia, 7-9 April, 2008 : seminar papers. |
| 260 ## - PUBLICATION, DISTRIBUTION, ETC. (IMPRINT) |
| Place of publication |
Nairobi : |
| Name of publisher |
African Economic Research Consortium, |
| Year of publication |
c2009. |
| 300 ## - PHYSICAL DESCRIPTION |
| Number of Pages |
xvii, 108 p. : |
| Other physical details |
col. ill., col. maps ; |
| Dimensions |
25 cm. |
| 650 #0 - SUBJECT ADDED ENTRY--TOPICAL TERM |
| Topical Term |
Climatic changes |
| 650 #0 - SUBJECT ADDED ENTRY--TOPICAL TERM |
| Topical Term |
Global warming |
| 710 2# - ADDED ENTRY--CORPORATE NAME |
| Corporate name or jurisdiction name as entry element |
African Economic Research Consortium. |
| 942 ## - ADDED ENTRY ELEMENTS (KOHA) |
| Koha item type |
ADB |
| 952 ## - LOCATION AND ITEM INFORMATION (KOHA) |
| Withdrawn status [LOCAL, KOHA] |
0 |